000
00328nam a2200121 4500
008
240222b |||||||| |||| 00| 0 eng d
022
_a
13910582
245
_a
Logos-Vol. 35, no. 1
246
_a
Why live in fear : Women speak out...
260
_a
Colombo :
_b
Centre for society & Religion,
_c
1996
300
_b
86 p.
942
_c
CR
999
_c
4797
_d
4797